Evénements du 13 mars - Statistiques

Statistiques générales
  • Ce quiz a été pris 31 fois
  • Le résultat moyen est 8 sur 15
Statistiques - réponses
Hint Réponse % Correct
Début de la bataille de Dien Bien Phu 1954
81%
Election du pape François 2013
81%
Naissance d'Eve Ruggieri 1939
69%
Election du pape Félix III 483
69%
Bataille de Jarnac 1569
65%
1ère sortie de la chanson Pour que tu m'aimes encore par Céline Dion 1995
65%
1ère séance de l'Académie française 1634
58%
Mort de Michel Duchaussoy, acteur 2012
58%
Fin de parution du journal La Pravda 1992
54%
Naissance de l'écrivain Paul Morand 1888
50%
Mort de Jean Ferrat, chanteur 2010
50%
Les premiers cosmonautes occupent la station Mir 1986
46%
Assassinat de l'empereur Alexandre II de Russie 1881
35%
Découverte d'Uranus 1781
31%
Naissance de l'écrivain Joseph Peyré 1892
23%
Aucun quiz correspondant
Distribution des résultats
% des personnes avec chaque résultat
Percentile par nombre de réponses
Votre historique - résultats
Vous n’avez pas pris ce quiz